MARC details
| 000 -CABECERA |
| campo de control de longitud fija |
02027nam a2200373 i 4500 |
| 001 - NÚMERO DE CONTROL |
| campo de control |
000033009 |
| 003 - IDENTIFICADOR DEL NÚMERO DE CONTROL |
| campo de control |
DO-SdBNP |
| 005 - FECHA Y HORA DE LA ÚLTIMA TRANSACCIÓN |
| campo de control |
20251113091026.0 |
| 007 - CAMPO FIJO DE DESCRIPCIÓN FÍSICA--INFORMACIÓN GENERAL |
| campo de control de longitud fija |
ta |
| 008 - DATOS DE LONGITUD FIJA--INFORMACIÓN GENERAL |
| campo de control de longitud fija |
110223s1977 dr ad 000 0 spa d |
| 040 ## - FUENTE DE LA CATALOGACIÓN |
| Centro catalogador/agencia de origen |
DO-SdBNP |
| Lengua de catalogación |
spa |
| Centro/agencia transcriptor |
BNPHU |
| Normas de descripción |
rda |
| 041 ## - CÓDIGO DE LENGUA |
| Código de lengua del texto/banda sonora o título independiente |
spa |
| 082 #4 - NÚMERO DE LA CLASIFICACIÓN DECIMAL DEWEY |
| Número de clasificación |
330.97293 |
| Número de documento/Ítem |
G633r |
| Número de edición |
22 |
| 100 1# - ENTRADA PRINCIPAL--NOMBRE DE PERSONA |
| Nombre de persona |
Gómez, Luis, |
| Término indicativo de función/relación |
autor |
| Código de función/relación |
aut. |
| 9 (RLIN) |
9238 |
| 245 10 - MENCIÓN DE TÍTULO |
| Título |
Relaciones de producción dominantes en la sociedad dominicana 1875-1975 / |
| Mención de responsabilidad, etc. |
Luis Gómez. |
| 264 #4 - PRODUCCIÓN, PUBLICACIÓN, DISTRIBUCIÓN, FABRICACIÓN Y COPYRIGHT |
| Producción, publicación, distribución, fabricación y copyright |
Santo Domingo : |
| Nombre del de productor, editor, distribuidor, fabricante |
Editora de la UASD, |
| Fecha de producción, publicación, distribución, fabricación o copyright |
©1977. |
| 300 ## - DESCRIPCIÓN FÍSICA |
| Extensión |
303 páginas : |
| Otras características físicas |
ilustraciones, gráficas ; |
| Dimensiones |
26 cm. |
| 336 ## - TIPO DE CONTENIDO |
| Término de tipo de contenido |
texto |
| Código de tipo de contenido |
txt |
| Fuente |
rdacontent |
| 337 ## - TIPO DE MEDIO |
| Nombre/término del tipo de medio |
sin mediación |
| Código del tipo de medio |
n |
| Fuente |
rdamedia |
| 338 ## - TIPO DE SOPORTE |
| Nombre/término del tipo de soporte |
volumen |
| Código del tipo de soporte |
nc |
| Fuente |
rdacarrier |
| 490 1# - MENCIÓN DE SERIE |
| Mención de serie |
Públicaciones de la Universidad Autónoma de Santo Domingo ; |
| Designación de volumen o secuencia |
226 |
| 490 1# - MENCIÓN DE SERIE |
| Mención de serie |
Historia y Sociedad ; |
| Designación de volumen o secuencia |
28 |
| 500 ## - NOTA GENERAL |
| Nota general |
Informe final de la investigación sobre el tema, realizada por el autor para la Dirección de Investigaciones Científicas de la Universidad Autónoma de Santo Domingo (UASD). |
| 500 ## - NOTA GENERAL |
| Nota general |
Incluye referencias bibliográficas y notas al pie de las páginas. |
| 504 ## - NOTA DE BIBLIOGRAFÍA, ETC. |
| Nota de bibliografía, etc. |
Bibliografía : páginas 285-291. |
| 505 ## - NOTA DE CONTENIDO CON FORMATO |
| Nota de contenido con formato |
Primera Parte. Referencias Generales. |
| Título |
Capítulo I: Los Presupuestos.-- |
| -- |
Capítulo II: La Sobredeterminación.-- |
| Información miscelánea |
Segunda Parte. Los Antecedentes. |
| Título |
Capítulo III: Mercantilismo Precapitalista.-- |
| Información miscelánea |
Tercera Parte. Los Origenes. |
| Título |
Capítulo IV: Capitalismo - Dependiente Premonopólico.-- |
| -- |
Capítulo V: Capitalismo de Enclave Monopólico. |
| 505 ## - NOTA DE CONTENIDO CON FORMATO |
| Nota de contenido con formato |
Cuarta Parte. El Capitalismo Dependiente. |
| Título |
Capítulo VI: El Modelo Neocolonial Corporativo.-- |
| -- |
Capítulo VII. El Modelo Desarrollista Dependiente.-- |
| -- |
Capítulo VIII. Recapitulación final. |
| 590 ## - NOTA LOCAL (RLIN) |
| Nota local |
Extraviado, 2024 / MF |
| 650 #4 - PUNTO DE ACCESO ADICIONAL DE MATERIA--TÉRMINO DE MATERIA |
| Término de materia o nombre geográfico como elemento de entrada |
Producción industrial |
| Subdivisión geográfica |
República Dominicana |
| 9 (RLIN) |
23653 |
| 650 #4 - PUNTO DE ACCESO ADICIONAL DE MATERIA--TÉRMINO DE MATERIA |
| Término de materia o nombre geográfico como elemento de entrada |
Relaciones industriales |
| Subdivisión geográfica |
República Dominicana |
| 9 (RLIN) |
23654 |
| 651 #4 - PUNTO DE ACCESO ADICIONAL DE MATERIA--NOMBRE GEOGRÁFICO |
| Nombre geográfico |
República Dominicana |
| Subdivisión general |
Condiciones económicas |
| 9 (RLIN) |
281 |
| 910 ## - DATOS DE OPCIÓN DEL USUARIO (OCLC) |
| Datos de opción del usuario |
Validado. Control de calidad EMS |
| 942 ## - ELEMENTOS DE PUNTO DE ACCESO ADICIONAL (KOHA) |
| Fuente del sistema de clasificación o colocación |
Dewey Decimal Classification |
| Tipo de ítem Koha |
Libro |